| 000 | 00732 a2200253 4500 | ||
|---|---|---|---|
| 003 | OSt | ||
| 005 | 20180116192332.0 | ||
| 008 | 120209t xxu||||| |||| 00| 0 eng d | ||
| 010 | _a 76054669 | ||
| 020 | _a0442295618 | ||
| 040 | _c0 | ||
| 082 | 0 | 0 | _a701.8 |
| 100 | 1 | _aWong, Wucius. | |
| 245 | 1 | 0 |
_aPrinciples of three-dimensional design / _cWucius Wong. |
| 260 |
_aNew York : _bVan Nostrand Reinhold Co., _c1977. |
||
| 300 |
_a112 p. : _bill. ; _c20 cm. |
||
| 650 | 0 | _aArchitectural design. | |
| 650 | 0 | _aDesign. | |
| 650 | 0 | _aVisual perception. | |
| 650 | 0 |
_aForm (Concept) _xarts |
|
| 650 | 0 | _aComposition (Arts) | |
| 942 |
_aSADA _cBK _k701.8 WON 1977 _2ddc |
||
| 999 |
_c352337 _d352337 |
||